000 00556nam a2200193Ia 4500
005 20250508152348.0
008 008 250505s9999 xx 000 0 eng d
037 _aReference
040 _aFEDL
_beng
_cFEDL
041 _aeng
_2eng
084 _a371.2, CAM
_qFEDL
100 _aCampbell Roald F
_9342331
245 0 _aEducational administration
260 _aBoston, USA
_bAllyn and Bacon
_c1958
300 _axvii,434p.
700 _a Corbally John E Ramseyer John A
_9761293
942 _cREF
_h371.2, CAM
999 _c1335924
_d1335924